Clinical practice improvement methodology : (Record no. 27793)

000 -LEADER
fixed length control field 01440nam a2200337 a 4500
001 - CONTROL NUMBER
control field 4986710
005 - DATE AND TIME OF LATEST TRANSACTION
control field 20170210143143.0
008 - FIXED-LENGTH DATA ELEMENTS--GENERAL INFORMATION
fixed length control field 971211s1997 nyua b 000 0 eng d
010 ## - LIBRARY OF CONGRESS CONTROL NUMBER
LC control number 98142462
020 ## - INTERNATIONAL STANDARD BOOK NUMBER
International Standard Book Number 1579870260
035 ## - SYSTEM CONTROL NUMBER
System control number (OCoLC)38070918
050 00 - LIBRARY OF CONGRESS CALL NUMBER
Classification number RA399 .A1C584 1997
245 00 - TITLE STATEMENT
Title Clinical practice improvement methodology :
Remainder of title implementation and evaluation /
Statement of responsibility, etc. edited by Susan D. Horn.
260 ## - PUBLICATION, DISTRIBUTION, ETC. (IMPRINT)
Place of publication, distribution, etc. New York, NY :
Name of publisher, distributor, etc. Faulkner & Gray,
Date of publication, distribution, etc. c1997.
300 ## - PHYSICAL DESCRIPTION
Extent xviii, 363 p. :
Other physical details ill. ;
Dimensions 28 cm.
490 1# - SERIES STATEMENT
Series statement Medical outcomes & practice guidelines library II ;
Volume/sequential designation v. II
504 ## - BIBLIOGRAPHY, ETC. NOTE
Bibliography, etc Includes bibliographical references.
650 #0 - SUBJECT ADDED ENTRY--TOPICAL TERM
Topical term or geographic name as entry element Managed care plans (Medical care)
General subdivision Management.
650 #0 - SUBJECT ADDED ENTRY--TOPICAL TERM
Topical term or geographic name as entry element Outcome assessment (Medical care)
650 #2 - SUBJECT ADDED ENTRY--TOPICAL TERM
Topical term or geographic name as entry element Practice Guidelines
General subdivision handbooks.
700 1# - ADDED ENTRY--PERSONAL NAME
Personal name Horn, Susan D.
830 #0 - SERIES ADDED ENTRY--UNIFORM TITLE
Uniform title Faulkner & Gray's medical outcomes and practice guidelines library ;
Volume number/sequential designation v. 2.
942 ## - ADDED ENTRY ELEMENTS (KOHA)
Source of classification or shelving scheme
Koha item type Hard Covered Materials
Holdings
Withdrawn status Lost status Source of classification or shelving scheme Damaged status Not for loan Home library Current library Shelving location Date acquired Source of acquisition Total Checkouts Full call number Barcode Date last seen Price effective from Koha item type
          MACHAKOS UNIVERSITY LIBRARY MACHAKOS UNIVERSITY LIBRARY Technical section 10/02/2017 Donation(BFA)   RA399.A1C584 1997 35662 18/07/2018 10/02/2017 Hard Covered Materials
© Machakos University Library, Along The Highway, Machakos Wote Rd, Machakos, Kenya P.O. Box 136 - 90100 Machakos - Kenya

Tel: ( +254 ) 723 805829 OR Fax : 044-20353 OR Email: library@mksu.ac.ke